[Event "De Verteuil Memorial 27th"]
[Site "Port of Spain"]
[Date "2019.11.11"]
[Round "5"]
[White "Ramdath, Simon"]
[Black "Harper, Ryan"]
[Result "0-1"]
[WhiteElo "1893"]
[BlackElo "2161"]
[PlyCount "78"]
[EventDate "2019.10.24"]
[EventType "swiss"]
[EventRounds "7"]
[EventCountry "TRI"]
[SourceTitle "CBM 195 Extra"]
[Source "ChessBase"]
[SourceDate "2020.05.31"]
[SourceVersion "1"]
[SourceVersionDate "2020.05.31"]
[SourceQuality "1"]

1. e4 e5 2. Nf3 Nc6 3. Bb5 a6 4. Ba4 Nf6 5. d3 b5 6. Bb3 Be7 7. Bd5 Nxd5 8. exd5 Nd4 9. Nxe5 Bd6 10. Nf3 Nxf3+ 11. Qxf3 0-0 12. 0-0 Bb7 13. c4 bxc4 14. dxc4 Qh4 15. h3 Qxc4 16. Nc3 c6 17. Ne4 Be5 18. d6 f5 19. Ng3 Bxd6 20. Rd1 Bxg3 21. Rxd7 Bc8 22. Rxg7+ Kxg7 23. Qxg3+ Kf7 24. Qc7+ Kf6 25. Bg5+ Kg6 26. Qg3 Be6 27. Bd8+ Kf7 28. Qc7+ Kg8 29. Qg3+ Kf7 30. Qc7+ Bd7 31. Qxd7+ Kg8 32. Bg5 Qd5 33. Qe7 Rae8 34. Qa3 f4 35. Be7 Rf7 36. Bb4 Rg7 37. f3 Re2 38. g4 Qd4+ 39. Kh1 Qf2 0-1

[Event "TTO-ch"]
[Site "Port of Spain"]
[Date "2018.11.10"]
[Round "9"]
[White "Ramoutar, Alan Safar"]
[Black "Ramdath, Simon"]
[Result "1-0"]
[WhiteElo "2168"]
[BlackElo "1863"]
[PlyCount "33"]
[EventDate "2018.10.14"]
[EventType "tourn"]
[EventRounds "11"]
[EventCountry "TRI"]
[SourceTitle "EXT 2020"]
[Source "ChessBase"]
[SourceDate "2019.10.17"]
[SourceVersion "1"]
[SourceVersionDate "2019.10.17"]
[SourceQuality "1"]

1. e4 c5 2. Nc3 Nc6 3. Bb5 Nd4 4. Nf3 Nxb5 5. Nxb5 d6 6. d4 Nf6 7. Qd3 a6 8. Nc3 cxd4 9. Nxd4 e5 10. Nf5 Bxf5 11. exf5 h6 12. Bd2 d5 13. 0-0-0 Qd7 14. Rhe1 Ng4 15. Nxd5 Nxf2 16. Rxe5+ Kd8 17. Ba5+ 1-0

[Event "TTO-ch"]
[Site "Port of Spain"]
[Date "2018.11.03"]
[Round "6"]
[White "Ramdath, Simon"]
[Black "Johnson, Joshua"]
[Result "0-1"]
[WhiteElo "1863"]
[BlackElo "2261"]
[PlyCount "94"]
[EventDate "2018.10.14"]
[EventType "tourn"]
[EventRounds "11"]
[EventCountry "TRI"]
[SourceTitle "EXT 2020"]
[Source "ChessBase"]
[SourceDate "2019.10.17"]
[SourceVersion "1"]
[SourceVersionDate "2019.10.17"]
[SourceQuality "1"]

1. e4 e5 2. Nf3 Nc6 3. Bb5 a6 4. Ba4 Nf6 5. 0-0 Be7 6. Re1 b5 7. Bb3 d6 8. c3 0-0 9. h3 Na5 10. Bc2 c5 11. d4 Nd7 12. Nbd2 exd4 13. cxd4 Nc6 14. Nf1 Bf6 15. d5 Nd4 16. Nxd4 Bxd4 17. Ng3 g6 18. Bh6 Re8 19. Rb1 Qf6 20. Qd2 Ne5 21. Qf4 Nc4 22. b3 Na3 23. Rbc1 Bb7 24. Bd3 Qxf4 25. Bxf4 Red8 26. Rcd1 b4 27. Ne2 Bg7 28. Bg5 Rd7 29. g4 Nb5 30. Kg2 Nc7 31. Ng3 a5 32. f4 h6 33. Bh4 a4 34. bxa4 Rxa4 35. Bc4 Ba6 36. Bb3 Ra3 37. Rc1 Bc3 38. Rxc3 bxc3 39. Rc1 Bd3 40. e5 c4 41. Rxc3 cxb3 42. Rxd3 b2 43. Rd1 Rxa2 44. Rb1 Nb5 45. Ne2 Na3 46. Nc3 Nxb1 47. Nxa2 Ra7 0-1

[Event "TTO-ch"]
[Site "Port of Spain"]
[Date "2018.10.27"]
[Round "2"]
[White "Ramdath, Simon"]
[Black "Jones, David"]
[Result "1-0"]
[WhiteElo "1863"]
[BlackElo "1894"]
[PlyCount "65"]
[EventDate "2018.10.14"]
[EventType "tourn"]
[EventRounds "11"]
[EventCountry "TRI"]
[SourceTitle "EXT 2020"]
[Source "ChessBase"]
[SourceDate "2019.10.17"]
[SourceVersion "1"]
[SourceVersionDate "2019.10.17"]
[SourceQuality "1"]

1. e4 c5 2. Nf3 g6 3. d4 cxd4 4. Qxd4 Nf6 5. Nc3 Nc6 6. Qa4 Bg7 7. e5 Ng8 8. Bf4 b6 9. Bc4 Bb7 10. 0-0-0 Na5 11. e6 fxe6 12. Bxe6 Bc6 13. Qb4 Qc8 14. Bxg8 Rxg8 15. Rhe1 e6 16. Bg5 Bf8 17. Qf4 Bxf3 18. Qxf3 Rg7 19. Nd5 Qc6 20. Nf6+ Kf7 21. Rxd7+ Be7 22. Nd5+ Ke8 23. Rxe7+ Rxe7 24. Nxe7 Qxf3 25. gxf3 h6 26. Rxe6 Kf7 27. Re4 hxg5 28. Nd5 Nc6 29. Ne3 Rh8 30. Ng4 Rh3 31. Rc4 Ne7 32. Kd2 Rxf3 33. Ne5+ 1-0

[Event "De Verteuil Memorial 26th"]
[Site "Port of Spain"]
[Date "2018.10.25"]
[Round "4"]
[White "Lee, Courtney"]
[Black "Ramdath, Simon"]
[Result "0-1"]
[WhiteElo "1777"]
[BlackElo "1863"]
[PlyCount "58"]
[EventDate "2018.10.04"]
[EventType "swiss"]
[EventRounds "7"]
[EventCountry "TRI"]
[SourceTitle "CBM 187 Extra"]
[Source "ChessBase"]
[SourceDate "2018.11.04"]
[SourceVersion "1"]
[SourceVersionDate "2018.11.04"]
[SourceQuality "1"]

1. e4 c5 2. Nc3 Nc6 3. f4 e6 4. Nf3 d5 5. e5 Nge7 6. Ne2 d4 7. Ng3 a6 8. Ne4 Nf5 9. a4 b6 10. Bc4 Bb7 11. Qe2 Be7 12. 0-0 h5 13. Nfg5 h4 14. d3 Qd7 15. Bd2 Nb4 16. Bb3 Nd5 17. Bxd5 Qxd5 18. b3 Rd8 19. Rae1 Bxg5 20. Nxg5 h3 21. Ne4 hxg2 22. Qxg2 Rh6 23. Kf2 Rg6 24. Qh3 Rh6 25. Qg2 Ke7 26. Rh1 Rdh8 27. Reg1 Rh3 28. Kf1 b5 29. axb5 axb5 0-1

[Event "Port of Spain op"]
[Site "Port of Spain"]
[Date "2017.09.02"]
[Round "9"]
[White "Maynard, David"]
[Black "Ramdath, Simon"]
[Result "0-1"]
[WhiteElo "1601"]
[BlackElo "1776"]
[PlyCount "62"]
[EventDate "2017.08.27"]
[EventType "swiss"]
[EventRounds "9"]
[EventCountry "TRI"]
[SourceTitle "CBM 180 Extra"]
[Source "ChessBase"]
[SourceDate "2017.10.06"]
[SourceVersion "1"]
[SourceVersionDate "2017.10.06"]
[SourceQuality "1"]

1. e4 c5 2. Nf3 d6 3. d4 cxd4 4. Nxd4 Nf6 5. Nc3 g6 6. Be3 Bg7 7. f3 0-0 8. Qd2 Nc6 9. 0-0-0 d5 10. Nxc6 bxc6 11. e5 Nd7 12. f4 e6 13. h4 c5 14. Bf2 Bb7 15. Ne4 dxe4 16. Qxd7 Qb6 17. Bxc5 Qxc5 18. Qxb7 Qe3+ 19. Kb1 Qxf4 20. Qb5 Rab8 21. Qc5 Rfc8 22. Qa5 Bxe5 23. Bb5 Rxb5 24. Qxb5 Rb8 25. Rd8+ Rxd8 26. b3 Bg7 27. Qa5 Qd2 28. Qxd2 Rxd2 29. Re1 Rxg2 30. a4 e3 31. b4 e2 0-1

[Event "Port of Spain op"]
[Site "Port of Spain"]
[Date "2017.08.30"]
[Round "5"]
[White "Yee, Frank"]
[Black "Ramdath, Simon"]
[Result "1-0"]
[WhiteElo "2028"]
[BlackElo "1776"]
[PlyCount "61"]
[EventDate "2017.08.27"]
[EventType "swiss"]
[EventRounds "9"]
[EventCountry "TRI"]
[SourceTitle "CBM 180 Extra"]
[Source "ChessBase"]
[SourceDate "2017.10.06"]
[SourceVersion "1"]
[SourceVersionDate "2017.10.06"]
[SourceQuality "1"]

1. e4 c5 2. Nf3 d6 3. d4 cxd4 4. Nxd4 Nf6 5. Nc3 g6 6. Be2 Bg7 7. 0-0 Nc6 8. Be3 0-0 9. Nb3 Bd7 10. f4 b5 11. Bf3 Rb8 12. Nd5 Nxd5 13. exd5 Na5 14. Bxa7 Rc8 15. Bd4 Bxd4+ 16. Nxd4 Nc4 17. Qc1 Qb6 18. c3 Rc7 19. Kh1 Rfc8 20. Re1 Be8 21. f5 Ne5 22. Qh6 Nd3 23. fxg6 hxg6 24. Re3 Nf2+ 25. Kg1 b4 26. Kxf2 bxc3 27. Re4 cxb2 28. Rd1 b1Q 29. Rh4 Q1b2+ 30. Kg3 f5 31. Qh8+ 1-0

[Event "Port of Spain op 44th"]
[Site "Port of Spain"]
[Date "2017.05.18"]
[Round "5"]
[White "Ramdath, Simon"]
[Black "Francois, Miguel"]
[Result "0-1"]
[WhiteElo "1794"]
[BlackElo "1748"]
[PlyCount "82"]
[EventDate "2017.04.20"]
[EventType "swiss"]
[EventRounds "7"]
[EventCountry "TRI"]
[SourceTitle "EXT 2018"]
[Source "ChessBase"]
[SourceDate "2017.10.13"]
[SourceVersion "1"]
[SourceVersionDate "2017.10.13"]
[SourceQuality "1"]

1. e4 e5 2. Nf3 d6 3. d4 exd4 4. Nxd4 Nf6 5. Nc3 Be7 6. g3 Bd7 7. Bg2 Nc6 8. 0-0 Qc8 9. Re1 0-0 10. f4 Bg4 11. Nxc6 bxc6 12. Qd3 Rd8 13. Qc4 Qb7 14. Qb3 Qc8 15. e5 dxe5 16. fxe5 Be6 17. Qa4 Ng4 18. Qxc6 Rb8 19. Nd5 Bxd5 20. Bxd5 Qf5 21. Bf4 Qh5 22. h4 g5 23. Rf1 gxf4 24. Rxf4 Nxe5 25. Qxc7 Bd6 26. Qxa7 Rbc8 27. Kh1 Rxc2 28. Raf1 Bc7 29. Bb3 Rc6 30. Qf2 Kh8 31. Bxf7 Qh6 32. Bb3 Ng6 33. Rf6 Rc1 34. Kg2 Rd2 35. Qxd2 Qxd2+ 36. R1f2 Qe1 37. Rf8+ Nxf8 38. Rxf8+ Kg7 39. Rf7+ Kg6 40. h5+ Kg5 41. Rg7+ Kh6 0-1

[Event "Port of Spain op"]
[Site "Port of Spain"]
[Date "2016.07.31"]
[Round "4"]
[White "James, Fidel"]
[Black "Ramdath, Simon"]
[Result "0-1"]
[WhiteElo "1483"]
[BlackElo "1808"]
[PlyCount "66"]
[EventDate "2016.07.29"]
[EventType "swiss"]
[EventRounds "9"]
[EventCountry "TRI"]
[SourceTitle "EXT 2017"]
[Source "ChessBase"]
[SourceDate "2016.10.25"]
[SourceVersion "1"]
[SourceVersionDate "2016.10.25"]
[SourceQuality "1"]

1. e4 c5 2. Nc3 Nc6 3. d3 g6 4. Bd2 Bg7 5. Nf3 e6 6. Be2 d5 7. exd5 exd5 8. 0-0 Nge7 9. Rb1 0-0 10. Re1 h6 11. a3 Be6 12. Bf4 Nf5 13. Qc1 g5 14. Bd2 Rc8 15. Kh1 Ncd4 16. Ng1 Nxe2 17. Ngxe2 Qd7 18. Qd1 b5 19. Rf1 Rfe8 20. Kg1 Nh4 21. Ng3 f5 22. Nh5 f4 23. Nxg7 Kxg7 24. Re1 Rf8 25. Qe2 Rfe8 26. f3 Bh3 27. Qf2 Bxg2 28. Rxe8 Rxe8 29. Qxc5 Bxf3 30. Qd4+ Kh7 31. Kf2 Qh3 32. Qxa7+ Kg8 33. Ne4 Qg2+ 0-1

[Event "Caribbean Carnival U20"]
[Site "Port of Spain"]
[Date "2015.08.10"]
[Round "3.7"]
[White "Cumberbatch, Gabriella"]
[Black "Ramdath, Simon"]
[Result "0-1"]
[WhiteElo "1361"]
[BlackElo "1708"]
[PlyCount "88"]
[EventDate "2015.08.09"]
[EventType "swiss"]
[EventRounds "7"]
[EventCountry "TRI"]
[SourceTitle "EXT 2024"]
[Source "ChessBase"]
[SourceDate "2023.10.10"]
[SourceVersion "1"]
[SourceVersionDate "2023.10.10"]
[SourceQuality "1"]

1. e4 e5 2. Nf3 d6 3. Bc4 Be7 4. Nc3 Nf6 5. d3 Nc6 6. d4 Bg4 7. Be2 Bxf3 8. Bxf3 Nxd4 9. Be3 Nxf3+ 10. Qxf3 Qd7 11. 0-0-0 Qg4 12. Qxg4 Nxg4 13. Nd5 Nxe3 14. Nxe3 Bg5 15. Rhe1 Rf8 16. Kb1 Bxe3 17. Rxe3 f5 18. f3 fxe4 19. Rxe4 Rf4 20. Ree1 Kd7 21. Rxe5 Re8 22. Rxe8 Kxe8 23. Kc1 Kd7 24. Re1 h5 25. Kd2 Rf5 26. Re3 g5 27. g4 hxg4 28. fxg4 Rf2+ 29. Re2 Rxe2+ 30. Kxe2 Ke6 31. Kf3 d5 32. c3 c5 33. b3 Ke5 34. Kg3 d4 35. cxd4+ cxd4 36. Kf3 a5 37. a3 b5 38. h3 b4 39. a4 Kd5 40. Kf2 Ke4 41. Ke2 Kf4 42. Kd3 Kg3 43. Kxd4 Kxh3 44. Ke3 Kxg4 0-1

[Event "Caribbean Carnival U20"]
[Site "Port of Spain"]
[Date "2015.08.09"]
[Round "2.4"]
[White "Ramdath, Simon"]
[Black "Chang, Pierre"]
[Result "0-1"]
[WhiteElo "1708"]
[BlackElo "1973"]
[PlyCount "68"]
[EventDate "2015.08.09"]
[EventType "swiss"]
[EventRounds "7"]
[EventCountry "TRI"]
[SourceTitle "EXT 2024"]
[Source "ChessBase"]
[SourceDate "2023.10.10"]
[SourceVersion "1"]
[SourceVersionDate "2023.10.10"]
[SourceQuality "1"]

1. e4 c5 2. Nf3 e6 3. d4 cxd4 4. Nxd4 Nf6 5. Nc3 Bb4 6. e5 Ne4 7. Qg4 Nxc3 8. Qxg7 Rf8 9. a3 Qa5 10. axb4 Qxa1 11. Nb3 Qb1 12. Bd3 Na2 13. c3 Qxd3 14. Bh6 Kd8 15. Qxf8+ Kc7 16. Qc5+ Nc6 17. Nd4 Qb1+ 18. Kd2 Qxb2+ 19. Kd1 Nxc3+ 20. Ke1 Qxb4 21. Qxb4 Nxb4 22. Bd2 Nd3+ 23. Kf1 Ne4 24. Ke2 Nxe5 25. Bf4 d6 26. Rc1+ Nc6 27. f3 e5 28. Nb5+ Kd7 29. Be3 a6 30. Na3 Nf6 31. Rd1 b5 32. Bc5 Nd4+ 33. Bxd4 exd4 34. Rxd4 Bb7 0-1

[Event "Pan American-ch U18"]
[Site "Cali"]
[Date "2015.06.30"]
[Round "4"]
[White "Ramdath, Simon"]
[Black "Cisneros Avendano, Diego Martin"]
[Result "1/2-1/2"]
[WhiteElo "1662"]
[BlackElo "2008"]
[PlyCount "39"]
[EventDate "2015.06.28"]
[EventType "swiss"]
[EventRounds "9"]
[EventCountry "COL"]
[SourceTitle "EXT 2016"]
[Source "ChessBase"]
[SourceDate "2015.10.08"]
[SourceVersion "1"]
[SourceVersionDate "2015.10.08"]
[SourceQuality "1"]

1. e4 e6 2. d4 d5 3. Nc3 Bb4 4. Nge2 Nf6 5. e5 Nfd7 6. a3 Bxc3+ 7. Nxc3 0-0 8. Qg4 f5 9. Qh5 a6 10. b4 b6 11. Ne2 c5 12. c3 Nc6 13. g4 cxd4 14. cxd4 b5 15. Rg1 Nb6 16. Bh3 fxg4 17. Rxg4 Qe8 18. Qh4 Kh8 19. Nf4 Ne7 20. Rg2 1/2-1/2

[Event "Central America & Caribbean U18"]
[Site "Palmira"]
[Date "2014.10.07"]
[Round "8.10"]
[White "Pabon Sarmiento, David A"]
[Black "Ramdath, Simon"]
[Result "0-1"]
[WhiteElo "1885"]
[BlackElo "1605"]
[PlyCount "20"]
[EventDate "2014.10.04"]
[EventType "swiss"]
[EventRounds "9"]
[EventCountry "COL"]
[SourceTitle "EXT 2024"]
[Source "ChessBase"]
[SourceDate "2023.10.10"]
[SourceVersion "1"]
[SourceVersionDate "2023.10.10"]
[SourceQuality "1"]

1. e4 c5 2. d4 cxd4 3. c3 dxc3 4. Nxc3 Nc6 5. Nf3 e6 6. Bc4 Qc7 7. Bb3 Nf6 8. 0-0 Bc5 9. Qe2 Ng4 10. h3 Nd4 0-1

[Event "Central America & Caribbean U18"]
[Site "Palmira"]
[Date "2014.10.06"]
[Round "5.7"]
[White "Medina Ocampo, Andres Felipe"]
[Black "Ramdath, Simon"]
[Result "1/2-1/2"]
[WhiteElo "1867"]
[BlackElo "1605"]
[PlyCount "40"]
[EventDate "2014.10.04"]
[EventType "swiss"]
[EventRounds "9"]
[EventCountry "COL"]
[SourceTitle "EXT 2024"]
[Source "ChessBase"]
[SourceDate "2023.10.10"]
[SourceVersion "1"]
[SourceVersionDate "2023.10.10"]
[SourceQuality "1"]

1. d4 d5 2. c4 e6 3. Nc3 Nf6 4. Bg5 Bb4 5. e3 0-0 6. Nf3 c6 7. Nd2 Nbd7 8. Bd3 e5 9. cxd5 exd4 10. exd4 Re8+ 11. Be3 Bxc3 12. bxc3 Nxd5 13. 0-0 Nxe3 14. fxe3 Rxe3 15. Bxh7+ Kxh7 16. Qh5+ Kg8 17. Qxf7+ Kh8 18. Qh5+ Kg8 19. Qf7+ Kh8 20. Qh5+ Kg8 1/2-1/2

[Event "Central America & Caribbean U18"]
[Site "Palmira"]
[Date "2014.10.06"]
[Round "6.6"]
[White "Zamora Monascal, Petter David"]
[Black "Ramdath, Simon"]
[Result "1-0"]
[WhiteElo "1907"]
[BlackElo "1605"]
[PlyCount "101"]
[EventDate "2014.10.04"]
[EventType "swiss"]
[EventRounds "9"]
[EventCountry "COL"]
[SourceTitle "EXT 2024"]
[Source "ChessBase"]
[SourceDate "2023.10.10"]
[SourceVersion "1"]
[SourceVersionDate "2023.10.10"]
[SourceQuality "1"]

1. d4 d5 2. Nf3 Nf6 3. Bg5 e6 4. e3 Be7 5. Nbd2 b6 6. Bd3 0-0 7. Ne5 c5 8. c3 Nfd7 9. Bxe7 Qxe7 10. f4 Nxe5 11. fxe5 f6 12. exf6 Rxf6 13. Nf3 Nc6 14. Bb5 Bb7 15. 0-0 a6 16. Bxc6 Bxc6 17. a4 Raf8 18. Qe2 b5 19. Ne5 Rxf1+ 20. Rxf1 Rxf1+ 21. Qxf1 Be8 22. Nd3 cxd4 23. exd4 bxa4 24. Nc5 Bb5 25. Qe1 Kf7 26. Qd1 Qg5 27. Qe1 Qe7 28. h3 h6 29. Qd1 Qg5 30. Qe1 Qe7 31. Qg3 Qf6 32. Qc7+ Kg6 33. Qd6 Kf7 34. Kh2 g5 35. Qc7+ Kg6 36. Qd6 Kf7 37. Qg3 Kg6 38. Qd6 Kf7 39. Qc7+ Kg6 40. Qg3 Kf7 41. Qe1 Ke7 42. Kg1 Kd6 43. g4 e5 44. dxe5+ Qxe5 45. Nb7+ Ke6 46. Nd8+ Kf6 47. Qf2+ Ke7 48. Nb7 Qf4 49. Qc5+ Ke6 50. Nd8+ Ke5 51. Qe7# 1-0

[Event "Caribbean Carnival U20"]
[Site "Port of Spain"]
[Date "2014.08.08"]
[Round "5.2"]
[White "Pacheco, Dimitri"]
[Black "Ramdath, Simon"]
[Result "0-1"]
[WhiteElo "1565"]
[BlackElo "1526"]
[PlyCount "82"]
[EventDate "2014.08.07"]
[EventType "swiss"]
[EventRounds "7"]
[EventCountry "TRI"]
[SourceTitle "EXT 2024"]
[Source "ChessBase"]
[SourceDate "2023.10.10"]
[SourceVersion "1"]
[SourceVersionDate "2023.10.10"]
[SourceQuality "1"]

1. e4 e5 2. Nf3 d6 3. d4 Nf6 4. Nc3 Nbd7 5. Bc4 Be7 6. Be3 0-0 7. 0-0 c6 8. Bb3 b5 9. a3 Ng4 10. Ne2 exd4 11. Nfxd4 Nxe3 12. fxe3 Qb6 13. Ng3 g6 14. Ngf5 gxf5 15. Nxf5 Bf6 16. Qg4+ Kh8 17. Qh5 Ne5 18. Nxd6 Qxe3+ 19. Kh1 Qg5 20. Qxg5 Bxg5 21. Nxf7+ Nxf7 22. Rxf7 Rxf7 23. Bxf7 Kg7 24. Be8 Bb7 25. Bd7 Rd8 26. Bf5 Bc8 27. Bxc8 Rxc8 28. Kg1 Rd8 29. Kf2 Rd2+ 30. Kg3 Rxc2 31. Rd1 Rd2 32. Rxd2 Bxd2 33. Kf3 Bc1 34. g4 Bxb2 35. Ke3 Bxa3 36. Kd3 Kf6 37. Kd4 b4 38. e5+ Ke6 39. h4 c5+ 40. Kc4 Kxe5 41. g5 Kf5 0-1

[Event "Caribbean Carnival U20"]
[Site "Port of Spain"]
[Date "2014.08.07"]
[Round "1.1"]
[White "Ramdath, Simon"]
[Black "Singh, Vishnu"]
[Result "0-1"]
[WhiteElo "1526"]
[BlackElo "2070"]
[PlyCount "58"]
[EventDate "2014.08.07"]
[EventType "swiss"]
[EventRounds "7"]
[EventCountry "TRI"]
[SourceTitle "EXT 2024"]
[Source "ChessBase"]
[SourceDate "2023.10.10"]
[SourceVersion "1"]
[SourceVersionDate "2023.10.10"]
[SourceQuality "1"]

1. e4 c5 2. Nf3 d6 3. d4 cxd4 4. Nxd4 Nf6 5. Nc3 a6 6. Be3 e5 7. Nb3 Be7 8. Nd5 Nxd5 9. exd5 0-0 10. Be2 f5 11. f4 Nd7 12. 0-0 Kh8 13. c4 b6 14. fxe5 dxe5 15. d6 Bg5 16. Qd3 Bb7 17. a4 a5 18. c5 f4 19. Bf2 e4 20. Qd1 f3 21. gxf3 exf3 22. Bb5 bxc5 23. Kh1 Rc8 24. Bxd7 Qxd7 25. Nxa5 Qh3 26. Rg1 Bf4 27. Bg3 Qg2+ 28. Rxg2 fxg2+ 29. Kg1 Be3+ 0-1

[Event "Barataria Qualifier1st"]
[Site "Barataria"]
[Date "2013.01.26"]
[Round "3"]
[White "Ramdath, Simon"]
[Black "Smith, Javanna"]
[Result "0-1"]
[WhiteElo "1574"]
[BlackElo "1649"]
[PlyCount "50"]
[EventDate "2013.01.24"]
[EventType "swiss"]
[EventRounds "3"]
[EventCountry "TRI"]
[SourceTitle "EXT 2024"]
[Source "ChessBase"]
[SourceDate "2023.10.10"]
[SourceVersion "1"]
[SourceVersionDate "2023.10.10"]
[SourceQuality "1"]

1. e4 c5 2. Nf3 Nc6 3. d4 cxd4 4. Nxd4 Nf6 5. Nc3 d6 6. Bc4 e6 7. Bb3 Be7 8. Be3 a6 9. Qe2 Qc7 10. f4 b5 11. Qf3 Bb7 12. a3 Nxd4 13. Bxd4 Qc6 14. g3 0-0 15. 0-0-0 Nxe4 16. Nxe4 Qxe4 17. Qg4 Qg6 18. Qxg6 hxg6 19. Rhe1 Rac8 20. Bxe6 fxe6 21. Rxe6 Rf7 22. Rxg6 Be4 23. Rxg7+ Rxg7 24. Bxg7 Rxc2+ 25. Kb1 Rd2+ 0-1